Country Compass - United Kingdom - Statistics

General Stats
  • This quiz has been taken 19 times
  • The average score is 10 of 12
Answer Stats
Country % Correct
Norway
94%
Portugal
94%
Spain
94%
Sweden
94%
Iceland
88%
Italy
82%
Poland
82%
Russia (Kaliningrad)
82%
Austria
76%
Czech Republic
71%
Slovenia
71%
Slovakia
59%
No matching quizzes found
Score Distribution
Percent of People with Each Score
Percentile by Number Answered
Your Score History
You have not taken this quiz